Missions on the Gauntlet Quiz Stats

 Plays Quiz not verified by Sporcle

Challenge
Share
Tweet
Score 0/44 Timer 05:00
0 Plays Today
% Correct
I Scream
75.6%
Dukes Of Saturn
75.6%
Inferno
75.6%
Chill Out
73.3%
Holey Canoe
73.3%
Moving Pyramid
73.3%
I Dig You
73.3%
Screw You
71.1%
Blind Man's Maze
71.1%
Snake Soup
68.9%
Assembly Required
68.9%
Mexican Blanket
68.9%
Chock Full of Coconuts
66.7%
Buck-A-Neer
66.7%
Blind Trust
66.7%
Spare Tires
64.4%
Rickshaw Races
64.4%
Balancing Act
64.4%
Body Painters
64.4%
Team Builders
62.2%
Pinata Pit
62.2%
The Pit
62.2%
% Correct
Pole Push
62.2%
Push It
60%
Heavyweight Hustle
60%
Team Strength
60%
Rolling On A River
60%
Red Barron
60%
Spongeworthy
60%
Man Overboard
57.8%
Over The Edge
57.8%
All Or Nothing
57.8%
Pull Me
57.8%
Wring Out
57.8%
Sink My Ship
57.8%
Turntable
57.8%
Well-Balanced
55.6%
Easy Does It
55.6%
Masquerade
55.6%
Piece by Piece
55.6%
Mud Bath
55.6%
Walk The Plank
53.3%
Roped In
51.1%
Vertical Sweep
51.1%

You're not logged in!

Compare scores with friends on all Sporcle quizzes.
Join for Free
OR
Log In

You Might Also Like...

Show Comments

Extras

Top Quizzes Today


Score Distribution

Your Account Isn't Verified!

In order to create a playlist on Sporcle, you need to verify the email address you used during registration. Go to your Sporcle Settings to finish the process.

Report this User

Report this user for behavior that violates our Community Guidelines.

Details: